| 000 | 00756nam a2200277Ia 4500 | ||
|---|---|---|---|
| 008 | 160216s9999 xx 000 0 und d | ||
| 020 | _a0-8261-9361-7 | ||
| 050 | _aMAIN BF 724.55 | ||
| 050 | _b.A35W55 2002 | ||
| 100 | _aWhitbourne, Susan Krauss | ||
| 245 | 4 | _aThe Aging individual : | |
| 245 | _bphysical and psychological perspectives / | ||
| 245 | _cSusan Krauss Whitbourne. | ||
| 250 | _a2nd Edition | ||
| 260 | _aNew York : | ||
| 260 | _bSpringer Publishing Company. | ||
| 260 | _c2002 | ||
| 300 | _a378 pages : | ||
| 300 | _bill. ; | ||
| 300 | _c24 cm. | ||
| 500 | _aIncludes bibliographical references and index. | ||
| 650 | _aAged -- | ||
| 650 | _aAging -- | ||
| 650 | _xPsychological aspects. | ||
| 650 | _xPsychology. | ||
| 999 |
_c290853 _d290853 |
||